000 00866nam a2200241 i 4500
001 125169
003 ES-MaACL
005 20230906192553.0
007 t|
008 070507s1935 sp ||||1| spa d
080 _a860=22"19"
100 1 _aFernández de Sevilla, Luis.
_949713
245 1 0 _aEstudiantina
_b: impresiones de un ambiente de juventud, en un prólogo y tres lugares /
_cLuis Fernández de Sevilla y Rafael Sepúlveda ; dibujos de Antonio Merlo.
260 _aMadrid :
_bRivadeneyra,
_c1935.
300 _a79 p. :
_bil. ;
_c17 cm.
490 1 _aLa Farsa ;
_v393
500 _aEstrenada en el Teatro Lara de Madrid la noche del 29 de diciembre de 1934.
700 1 _aSepúlveda, Rafael.
_9105505
700 1 _aMerlo, Antonio.
_980579
830 0 _aLa Farsa ;
_v393
_9185863
852 _aES-MaACL
_j2227-F-10
_bR.140817
999 _c125169
_d125169